000 01045nam a2200265 a 4500
001 79079
003 BD-RjUL
005 20211228160116.0
008 211228r20161999bg ||||| |||| 00| 0 ben d
020 _a9789840418862
_c: Tk. 250.00
035 _a(BD-RjUL)79079
040 _aBD-RjUL
_beng
_cBD-RjUL
041 _aben
082 _223
_a891.444
_bAUB 2016
100 _aআউয়াল, আবদুল
_9400
245 _aবঙ্গবন্ধু ও ইসলামী মূল্যবোধ /
_cআবদুল আউয়াল
250 _a২য় বর্ধিত সং.
260 _aঢাকা :
_bআগামী প্রকাশনী,
_c১৯৯৯ [মুদ্রণ ২০১৬]
300 _a১৪৪ পৃ.;
_c২২ সেমি.
600 _aমুজিবুর রহমান,
_cশেখ,
_d১৯২০-১৯৭৫
_9166
600 _aMujibur Rahman,
_cSheikh,
_d1920-1975
650 _aবাংলা প্রবন্ধ
_9393
651 _aBengali essays
_9401
942 _2ddc
_cBK
999 _c79079
_d79079